Bajo una luz marina / (Record no. 188467)

MARC details
000 -LEADER
campo de control de longitud fija 00900nam a2200265 i 4500
001 - NÚMERO DE CONTROL
campo de control 188467
003 - IDENTIFICADOR DE NÚMERO DE CONTROL
campo de control SpMaBN
005 - FECHA Y HORA DE LA ÚLTIMA TRANSACCIÓN
campo de control 20250911062858.0
008 - DATOS DE LONGITUD FIJA--INFORMACIÓN GENERAL
campo de control de longitud fija 181120s1996 sp |||| | spa d
020 ## - NÚMERO INTERNACIONAL ESTÁNDAR DEL LIBRO
Número Internacional Estándar del Libro 84-7522-252-8
080 ## - NÚMERO DE LA CLASIFICACIÓN DECIMAL UNIVERSAL
Número de la Clasificación Decimal Universal 821.111(73)-1"19"
100 1# - ENTRADA PRINCIPAL--NOMBRE DE PERSONA
Nombre de persona Carver, Raymond.
9 (RLIN) 35975
245 10 - MENCIÓN DEL TÍTULO
Título Bajo una luz marina /
Mención de responsabilidad, etc. Raymond Carver ; introducción y traducción de Mariano Antolín Rato.
250 ## - MENCION DE EDICION
Mención de edición 2ª ed.
260 ## - PUBLICACIÓN, DISTRIBUCIÓN, ETC.
Lugar de publicación, distribución, etc. Madrid :
Nombre del editor, distribuidor, etc. Visor,
Fecha de publicación, distribución, etc. 1996.
300 ## - DESCRIPCIÓN FÍSICA
Extensión 90 p. ;
Dimensiones 20 cm.
490 1# - MENCIÓN DE SERIE
Mención de serie Colección Visor de poesía ;
Designación de volumen o secuencia 252
700 1# - ENTRADA AGREGADA--NOMBRE PERSONAL
Nombre de persona Antolín Rato, Mariano.
9 (RLIN) 21923
830 0# - PUNTO DE ACCESO ADICIONAL DE SERIE-TÍTULO UNIFORME
Título uniforme Colección Visor de poesía
Designación de volumen o secuencia 252
9 (RLIN) 177331
852 ## - LOCALIZACIÓN
Ubicación ES-MaACL
Número de control de estantería A-14272
itemnumber 195597
Sublocalización o colección R.151632
Ubicación en estantería Depósito 1
Signatura antigua Olim: N-7272
Donativo/Legado Donacion: Manuel Siinula
903 ## - NOMBRE PERSONAL DE DONANTE
a Spínola, Manuel,
d 1948-
e Donante
9 161019
942 ## - ELEMENTOS DE ENTRADA SECUNDARIOS (KOHA)
Fuente del sistema de clasificación o colocación Clasificación decimal universal
Tipo de ítem Koha Libro impreso
Holdings
Estatus retirado Estado de pérdida Fuente del sistema de clasificación o colocación Estado de daño No para préstamo Biblioteca de origen Biblioteca actual Ubicación en estantería Fecha de adquisición Fuente de adquisición Total de préstamos Signatura topográfica completa Código de barras Visto por última vez Precio de reemplazo Tipo de ítem Koha
    Clasificación decimal universal     Biblioteca del Ateneo de Madrid Biblioteca del Ateneo de Madrid Depósito 1 20/11/2018 Donación   A-14272 1199372 23/02/2023 23/02/2023 Libro impreso